000 00648nam a2200217 a 4500
001 18960
003 CO-ViMGA
008 141112s2004 ck r 000 u spa d
020 _a9681659287
040 _aCO-ViMGA
_bspa
_cCO-ViMGA
082 0 4 _a530.11 B712e
100 1 _aBracho, Javier
_927112
245 1 0 _aEn que espacio vivimos? - Ciencia para todos
260 _aMexico :
_bFondo de Cultura Económica; 1999
300 _a123 p.
490 _aLa Ciencia para todos; 77
590 _aForma de adquisición : compra 2005 - - Precio : 20.700
650 1 4 _aESPACIO Y TIEMPO
_927113
650 1 4 _aESPACIOS GEOMETRICOS
_927114
942 _2ddc
_cBK
999 _c28152
_d28152